000 01281nam a2200265Ia 4500
003 Ost
005 20260507075540.0
008 260507s9999||||xx |||||||||||||| ||und||
020 _a9957061186
040 _cfsecg
041 _aara
082 _a338.4791
100 _aالظاهر، نعيم
_eمؤلف
245 0 _aمبادئ السياحة /
_c نعيم الظاهر
250 _aطبعة 2
260 _aعمان:
_bدار المسيرة للنشر والتوزيع,
_c2007
300 _a287 صفحة؛
_bإيضاحات ؛
_c24 سم
490 _aسلسلة السياحة والفندقة
_v1
504 _aبيبليوغرافيا: ص ص.285-287
520 _aيضم نبذة تاريخية عن تطور السفر والسياحة، المنظمات السياحية، الآثار الإيجابية والسلبية لصناعة السياحة، دوافع وحوافز السفر، مقومات السياحة وعلاقتها بالصناعات التكميلية، السياحة الاردنية، المعالم السياحية غير الاثرية في الاردن، التسويق السياحي
653 _aالسياحة
653 _aخدمات السياحة
700 _aسراب، الياس
_eمؤلف ثانوي
942 _cكتاب
999 _c44863
_d44863